| 000 | 00866cam a2200217 4500 | ||
|---|---|---|---|
| 001 | ABS61232 | ||
| 008 | 000000n1999 000 0 eng u | ||
| 035 | _a(Sirsi) u101835 | ||
| 100 | _aMadge, N. | ||
| 245 | _aHousing and the Woolf Reforms. | ||
| 260 | _c1999 | ||
| 490 |
_aNew Law Journal _v149(6905) 24 September 1999, 1408-1409, 1411(3) |
||
| 520 | _aExplains the provisions of the new Civil Procedure Rules (CPR) which have and impact on housing cases. This is an area of the CPR which has been subject to criticism. Looks at possession proceedings, costs in possession proceedings, disrepair and harassment cases and homelessness appeals. | ||
| 650 | _aHOUSING LAW | ||
| 650 | _aWOOLF REFORMS | ||
| 650 | _aCIVIL PROCEDURE RULES | ||
| 650 | _aREPOSSESSION | ||
| 650 |
_aDilapidations _96235 |
||
| 690 | _aPROPERTY-LANDLORD AND TENANT | ||
| 942 | _n0 | ||
| 999 |
_c60945 _d60945 |
||